000 00948nam a2200265Ia 4500
003 OSt
005 20221005103556.0
006 a|||||r|||| 00| 0
007 ta
008 221004b |||||||| |||| 00| 0 hin d
020 _a9789381954287 (hbk)
_c250
024 _a2361
037 _b360, 11/01/2013, Eastern Book Linkers
_cTextual
040 _aCRL
_cCRL
_bhin
041 _2hin
_ahin
082 _aO15,6N36x, Q2
100 _aशास्त्री, कलानाथ
245 0 _aललित - कथा - कल्पवल्ली
246 _aLalit - kathā - kalpavallī
260 _aजयपुर
_bहंसा प्रकाशन भारत
_c2012
300 _a124पृ0
_ccm.
650 _aसंस्कृत साहित्य
942 _hO15,6N36x, Q2
_cTEXL
_2cc
999 _c1010324
_d1010324